01413nam a22002777a 450000500170000000800410001702000180005804000250007604100080010104400070010908200180011610000290013424501800016326000910034330000360043450000500047050400620052050503280058265000250091065000300093565000420096565000400100770000290104770000240107670000350110020150901093621.0141118b2012 ck |||||r|||| 00| 0 spa d a9789589231975 aCO-BoIAVHcCO-BoIAVH aspa ack04a361.613bV43f1 aVelásquez C., Fabio E.1 aFamilias en Acción :btensiones entre lo técnico y lo sociopolítico /cFabio E. Velásquez C., Esperanza González R., Juliana Peña N. y Clara Rocío Rodríguez P. aBogotá (Colombia):bFundación Foro Nacional por Colombia,bFord Foundation,c2012. a324 p.btablas y mapas.c23 cm. aIncluye lista de cuadros, gráficos y mapas. aIncluye referencias bibliográficas (Páginas 311-324). aLa política social en América Latina y Colombia. El programa familias en acción: Características y cobertura geográficas. Focalización territorial y resultados. El esquema de relaciones intergubernamentales. Organización y participación ciudadana. La perspectiva de género. Conclusiones y recomendaciones. 6aPolíticas sociales 6aPrograma socialzColombia 6aPrograma socialvResultadoszColombia 6aPrograma socialvEstudioszColombia aGonzález R., Esperanza a Peña N., Juliana a Rodríguez P., Clara Rocío